Normal view
MARC view
Entry Personal Name
001 - CONTROL NUMBER
- control field: 262484
003 - CONTROL NUMBER IDENTIFIER
- control field: OSt
005 - DATE AND TIME OF LATEST TRANSACTION
- control field: 20260423144517.0
008 - FIXED-LENGTH DATA ELEMENTS
- fixed length control field: 260423|| aca||aabn | a|a d
040 ## - CATALOGING SOURCE
- Original cataloging agency: OSt
- Transcribing agency: OSt
100 ## - HEADING--PERSONAL NAME
- Personal name: RAMESH (Be Go).
- Dates associated with a name: ರಮೇಶ್ (ಬಿ ಗೋ)
670 ## - SOURCE DATA FOUND
- Source citation: Work cat.: (OSt)88707: RAMESH (Be Go). ರಮೇಶ್ (ಬಿ ಗೋ), Sampanmulagalu mattu kaigarikavakashagalu: Tumakuru Jille., 1985